| 000 -LEADER |
| fixed length control field |
00845nam a22001577a 4500 |
| 003 - CONTROL NUMBER IDENTIFIER |
| control field |
OSt |
| 005 - DATE AND TIME OF LATEST TRANSACTION |
| control field |
20151217153636.0 |
| 008 - FIXED-LENGTH DATA ELEMENTS--GENERAL INFORMATION |
| fixed length control field |
151217b xxu||||| |||| 00| 0 eng d |
| 040 ## - CATALOGING SOURCE |
| Transcribing agency |
RUA |
| 082 ## - DEWEY DECIMAL CLASSIFICATION NUMBER |
| Classification number |
AED HEA 2006 B222 Or.1 |
| 100 ## - MAIN ENTRY--PERSONAL NAME |
| 9 (RLIN) |
5053 |
| Personal name |
HEANG, SOKUN. |
| 245 ## - TITLE STATEMENT |
| Title |
The study on village development committee organizing in integrated development project of LWF in bovel district, battambang province, ការសិក្សាអំពីការរៀបចំគណៈកម្មធិការអភិវឌ្ឃន៍ភូមិនៅក្នុងគំរោងអភិវឌ្ឃន៍ចំរុះ របស់អង្គការ LWF នៅក្នុងស្រុកបវេលខេត្តបាត់ដំបង |
| 260 ## - PUBLICATION, DISTRIBUTION, ETC. (IMPRINT) |
| Place of publication, distribution, etc. |
Phnom Penh |
| Name of publisher, distributor, etc. |
RUA |
| Date of publication, distribution, etc. |
2006 |
| 300 ## - PHYSICAL DESCRIPTION |
| Extent |
ix, 52p. |
| Other physical details |
ill. |
| Dimensions |
29cm. |
| 942 ## - ADDED ENTRY ELEMENTS (KOHA) |
| Source of classification or shelving scheme |
|
| Koha item type |
AED |